[Event "Reykjavik Open 2016"]
[Site "Reykjavik ISL"]
[Date "2016.03.08"]
[Round "1.54"]
[White "Heyne, Regina"]
[Black "Hedman, Erik"]
[Result "0-1"]
[BlackTitle "FM"]
[WhiteElo "1858"]
[BlackElo "2349"]
[WhiteFideId "4613236"]
[BlackFideId "1702351"]
[EventDate "2016.03.08"]

1. d4 c5 2. e3 Nf6 3. Nf3 g6 4. Bc4 Bg7 5. O-O O-O 6. Nc3 d5 7. Be2 Nbd7 8. b3
b6 9. Bb2 Bb7 10. Rc1 Rc8 11. Nb1 c4 12. a4 Ne4 13. c3 a6 14. Na3 Nd6 15. b4 f6
16. Qd2 e5 17. dxe5 fxe5 18. Rfd1 Qe7 19. Bf1 Rf7 20. Qe1 Rcf8 21. Rd2 Rxf3 22.
gxf3 e4 23. f4 g5 24. Rcd1 gxf4 25. exf4 Rxf4 26. Rxd5 Bxd5 27. Rxd5 Ne5 28. Qe3
Nf3+ 29. Kh1 Rh4 30. h3 Qe6 0-1

[Event "Reykjavik Open 2016"]
[Site "Reykjavik ISL"]
[Date "2016.03.08"]
[Round "1.56"]
[White "Meier, Gerd"]
[Black "Midoux, Sebastien"]
[Result "0-1"]
[WhiteElo "1851"]
[BlackElo "2342"]
[WhiteFideId "4682971"]
[BlackFideId "611140"]
[EventDate "2016.03.08"]

1. e4 c5 2. Nf3 d6 3. d4 cxd4 4. Qxd4 a6 5. c4 Nc6 6. Qe3 g6 7. a3 Bg7 8. h3 Nf6
9. Nc3 O-O 10. Be2 Na5 11. Nd2 Be6 12. b4 Nc6 13. Bb2 Rc8 14. f4 Nd7 15. Na4
Bxb2 16. Nxb2 Qb6 17. Qxb6 Nxb6 18. Rc1 Nd4 19. Bd3 f5 20. exf5 Bxf5 21. g4 Bxd3
22. Nxd3 Rf6 23. Kd1 Re6 24. Re1 Rf8 25. Rxe6 Nxe6 26. c5 dxc5 27. bxc5 Nd5 28.
c6 bxc6 29. Rxc6 Nexf4 30. Nxf4 Nxf4 31. Rxa6 Nxh3 32. Ra4 Nf4 33. Re4 Nd5 34.
Rd4 e6 35. Ke2 Ra8 36. Nb1 Kf7 37. Kd3 Kf6 38. a4 Kg5 39. Nd2 Nf4+ 40. Ke3 Nd5+
41. Kf3 Kh4 42. Kg2 Kg5 43. Kg3 Kf6 44. Nf3 g5 45. Nd2 h6 46. Nb3 Rc8 47. Rd3
Rc4 48. a5 Ra4 49. Rd4 Ra3 50. Rd3 Nf4 51. Re3 Ra4 52. Rf3 Ke5 53. Re3+ Kd5 54.
Kf3 e5 55. Rc3 e4+ 56. Ke3 Nd3 57. Ke2 Ne5 58. Rc5+ Kd6 59. Rb5 Nxg4 60. Rb6+
Ke5 61. a6 Ra2+ 62. Ke1 Kf4 63. Nc5 Kg3 64. Rb3+ e3 65. Rb1 Rh2 66. Kd1 e2+ 67.
Kd2 e1=Q+ 68. Kxe1 Rh1+ 0-1

[Event "Reykjavik Open 2016"]
[Site "Reykjavik ISL"]
[Date "2016.03.08"]
[Round "1.57"]
[White "Gislason, Gudmundur"]
[Black "Kakulidis, Ellen"]
[Result "1-0"]
[WhiteTitle "FM"]
[WhiteElo "2338"]
[BlackElo "1843"]
[WhiteFideId "2300559"]
[BlackFideId "1444972"]
[EventDate "2016.03.08"]

1. d4 e6 2. Nf3 Nf6 3. g3 d5 4. Bg2 Be7 5. O-O O-O 6. c4 c6 7. Qc2 Nbd7 8. Nbd2
b6 9. e4 Ba6 10. Rd1 Rc8 11. b3 dxe4 12. Nxe4 Nxe4 13. Qxe4 c5 14. Bb2 cxd4 15.
Nxd4 Nf6 16. Qf3 Qc7 17. Nc6 Kh8 18. Be5 Qb7 19. Rd4 Nd7 20. Bxg7+ Kxg7 21. Qg4+ 1-0

[Event "Reykjavik Open 2016"]
[Site "Reykjavik ISL"]
[Date "2016.03.08"]
[Round "1.58"]
[White "Koes, Richard"]
[Black "Papp, Petra"]
[Result "0-1"]
[BlackTitle "WGM"]
[WhiteElo "1840"]
[BlackElo "2325"]
[WhiteFideId "1020528"]
[BlackFideId "739049"]
[EventDate "2016.03.08"]

1. Nc3 Nf6 2. e4 e5 3. Nf3 Nc6 4. Bc4 Nxe4 5. O-O Nd6 6. Bd5 Be7 7. Re1 O-O 8.
Nxe5 Nxe5 9. Rxe5 c6 10. Bb3 Bf6 11. d4 Bxe5 12. dxe5 Nf5 13. Ne4 Qe7 14. Qf3 d5
15. exd6 Nxd6 16. Ng3 Qe1+ 17. Nf1 Be6 18. g4 Ne4 19. h3 Rad8 0-1

[Event "Reykjavik Open 2016"]
[Site "Reykjavik ISL"]
[Date "2016.03.08"]
[Round "1.59"]
[White "Abrahamyan, Tatev"]
[Black "Erikstad, Olav"]
[Result "1-0"]
[WhiteTitle "WGM"]
[WhiteElo "2324"]
[BlackElo "1838"]
[WhiteFideId "13301918"]
[BlackFideId "1504983"]
[EventDate "2016.03.08"]

1. e4 c6 2. d4 d5 3. Nc3 dxe4 4. Nxe4 Nf6 5. Nxf6+ exf6 6. c3 Bd6 7. Bd3 O-O 8.
Ne2 Bg4 9. O-O Qc7 10. h3 Bh5 11. Qc2 Bg6 12. c4 Nd7 13. c5 Bxd3 14. Qxd3 Be7
15. Bf4 Qd8 16. Rad1 Re8 17. Nc3 Nf8 18. b4 Ne6 19. Bg3 f5 20. Qxf5 Nxd4 21. Qg4
Bf6 22. Ne4 Ne2+ 23. Kh1 1-0

[Event "Reykjavik Open 2016"]
[Site "Reykjavik ISL"]
[Date "2016.03.08"]
[Round "1.60"]
[White "Jonsson, Pall G"]
[Black "Sigfusson, Sigurdur"]
[Result "0-1"]
[BlackTitle "FM"]
[WhiteElo "1828"]
[BlackElo "2299"]
[WhiteFideId "2303205"]
[BlackFideId "2300168"]
[EventDate "2016.03.08"]

1. b4 Nf6 2. Bb2 d5 3. e3 e6 4. b5 Bd6 5. Nf3 Nbd7 6. c4 O-O 7. Qc2 Qe7 8. Be2
e5 9. O-O dxc4 10. Bxc4 e4 11. Ng5 Bxh2+ 12. Kh1 Bd6 13. f4 h6 14. Nh3 Nh5 15.
Kh2 Qh4 16. Qxe4 Ng3 17. Qg6 Nxf1+ 18. Kg1 Ne5 19. fxe5 Qxc4 20. Qh5 Ng3 21. Qf3
Ne2+ 22. Kf2 Bg4 23. Qxb7 Rab8 24. Qxa7 Ra8 0-1

[Event "Reykjavik Open 2016"]
[Site "Reykjavik ISL"]
[Date "2016.03.08"]
[Round "1.61"]
[White "Skousen, Nikolai"]
[Black "Baumgartner, Christopher"]
[Result "1-0"]
[WhiteTitle "FM"]
[WhiteElo "2294"]
[BlackElo "1821"]
[WhiteFideId "1401432"]
[BlackFideId "2022087"]
[EventDate "2016.03.08"]

1. Nf3 d5 2. g3 Nf6 3. Bg2 e6 4. O-O Be7 5. c4 O-O 6. d4 c6 7. Nbd2 Nbd7 8. b3
b6 9. Bb2 Bb7 10. Qc2 Rc8 11. e4 dxe4 12. Nxe4 c5 13. Nxf6+ Nxf6 14. Rad1 Be4
15. Qe2 Bxf3 16. Bxf3 cxd4 17. Bxd4 Qe8 18. Qb2 Rd8 19. a4 Rd6 20. a5 Qd8 21.
axb6 axb6 22. b4 Qc8 23. c5 bxc5 24. bxc5 Rdd8 25. c6 Rd6 26. Qb7 Qxb7 27. cxb7
Nd7 28. Ba7 Nb8 29. Rxd6 Bxd6 30. Rd1 Be5 31. Bc5 Re8 32. Be2 f5 33. Bb5 Kf7 34.
Bxe8+ Kxe8 35. Re1 1-0

[Event "Reykjavik Open 2016"]
[Site "Reykjavik ISL"]
[Date "2016.03.08"]
[Round "1.62"]
[White "Andersen, Dag"]
[Black "Pogan, Nikolas"]
[Result "0-1"]
[BlackTitle "FM"]
[WhiteElo "1811"]
[BlackElo "2285"]
[WhiteFideId "1504568"]
[BlackFideId "24673579"]
[EventDate "2016.03.08"]

1. d4 d6 2. e4 e5 3. Nf3 Nd7 4. Bc4 Be7 5. Nc3 Ngf6 6. O-O O-O 7. a4 a5 8. Re1
c6 9. h3 Nb6 10. Bf1 Nfd7 11. Be3 exd4 12. Bxd4 Nc5 13. Qd2 Be6 14. b3 Nbd7 15.
Rad1 Re8 16. Qe3 h6 17. Ne2 Bf8 18. Ng3 Na6 19. Qc1 Nb4 20. Qb2 Qc7 21. Nh5 f6
22. Nf4 Bf7 23. Nd3 Nc5 24. Nxb4 axb4 25. Bxc5 dxc5 26. e5 f5 27. Nd2 Kh7 28.
Nc4 Rad8 29. f4 g5 30. Bd3 Bg6 31. Ne3 gxf4 32. Nxf5 Rxd3 0-1

[Event "Reykjavik Open 2016"]
[Site "Reykjavik ISL"]
[Date "2016.03.08"]
[Round "1.63"]
[White "Viana, Dirceu"]
[Black "Kruger, Jan"]
[Result "1-0"]
[WhiteTitle "FM"]
[WhiteElo "2261"]
[BlackElo "1810"]
[WhiteFideId "2101360"]
[BlackFideId "1709119"]
[EventDate "2016.03.08"]

1. Nf3 f5 2. g3 Nf6 3. Bg2 e6 4. O-O Be7 5. c4 O-O 6. d3 d6 7. Nc3 Nc6 8. Rb1
Qe8 9. b4 Nh5 10. b5 Ne5 11. e3 g5 12. Bb2 Ng4 13. Nd2 e5 14. Nd5 Bd8 15. f3
Ngf6 16. f4 h6 17. fxe5 dxe5 18. Ba3 Rf7 19. Bb2 Kh7 20. Nf3 e4 21. dxe4 Nxe4
22. Nxg5+ Bxg5 23. Qxh5 Nd2 24. Rbe1 Nxf1 25. Nxc7 Nxg3 26. hxg3 Qd7 27. Nxa8
Re7 28. Bd4 b6 29. Bc6 Qd6 30. Qf3 f4 31. gxf4 Bxf4 32. Be4+ Kg8 33. Qxf4 Qb4
34. Re2 Qxc4 35. Rg2+ 1-0

[Event "Reykjavik Open 2016"]
[Site "Reykjavik ISL"]
[Date "2016.03.08"]
[Round "1.64"]
[White "De Winter, Eric"]
[Black "Kazarian, Anna-Maja"]
[Result "0-1"]
[BlackTitle "FM"]
[WhiteElo "1808"]
[BlackElo "2248"]
[WhiteFideId "1033069"]
[BlackFideId "1033689"]
[EventDate "2016.03.08"]

1. d4 d5 2. c4 c6 3. Nc3 Nf6 4. e3 e6 5. Nf3 Nbd7 6. Qc2 Bd6 7. g4 h6 8. h3 O-O
9. Bd2 Re8 10. O-O-O a6 11. e4 dxe4 12. Nxe4 Nxe4 13. Qxe4 Nf6 14. Qc2 Qc7 15.
Bg2 c5 16. Rhe1 cxd4 17. Nxd4 Bd7 18. Kb1 Rac8 19. g5 hxg5 20. Bxg5 Nh7 21. Be3
Bb4 22. Re2 e5 23. Nb3 Ba4 24. Rc1 Red8 25. Be4 Nf6 26. Bf5 Bd7 27. Bxd7 Rxd7
28. Qf5 a5 29. f4 Re8 30. Rg2 Re6 31. Rcg1 Bf8 32. Rg6 Qc6 33. R6g2 exf4 34. Bc5
Qe4+ 35. Qxe4 Nxe4 36. Bxf8 Kxf8 37. Rxg7 a4 38. Rg8+ Ke7 39. Nc1 f3 40. b3 f2 0-1

[Event "Reykjavik Open 2016"]
[Site "Reykjavik ISL"]
[Date "2016.03.08"]
[Round "1.66"]
[White "Petersons, Ojars"]
[Black "Haugli, Petter"]
[Result "0-1"]
[BlackTitle "IM"]
[WhiteElo "1791"]
[BlackElo "2244"]
[WhiteFideId "11607769"]
[BlackFideId "1500104"]
[EventDate "2016.03.08"]

1. d4 Nf6 2. Nf3 g6 3. g3 Bg7 4. Bg2 O-O 5. O-O d6 6. a4 a5 7. Nbd2 c6 8. e4 Qc7
9. c3 Nbd7 10. Re1 e5 11. Nc4 Nb6 12. Nxb6 Qxb6 13. Qc2 Re8 14. dxe5 dxe5 15.
Be3 Qc7 16. Rad1 Be6 17. Ng5 Bg4 18. f3 Bc8 19. Qf2 h6 20. Nh3 Be6 21. Bb6 Qc8
22. Qf1 c5 23. Nf2 Nd7 24. Qb5 Ra6 25. Bxa5 b6 26. Bf1 Rxa5 27. Qe2 Rxa4 28. Qe3
c4 29. f4 Nf6 30. Qxb6 Ng4 31. f5 gxf5 32. exf5 Bxf5 33. Ne4 Qb8 34. Qc6 Qa7+
35. Kg2 Rc8 36. Qb5 Rb8 37. Qc5 Bxe4+ 0-1

[Event "Reykjavik Open 2016"]
[Site "Reykjavik ISL"]
[Date "2016.03.08"]
[Round "1.67"]
[White "Ragnarsson, Dagur"]
[Black "Mai, Aron Thor"]
[Result "1-0"]
[WhiteTitle "FM"]
[WhiteElo "2243"]
[BlackElo "1784"]
[WhiteFideId "2304058"]
[BlackFideId "2313383"]
[EventDate "2016.03.08"]

1. Nf3 Nf6 2. g3 g6 3. Bg2 Bg7 4. O-O O-O 5. c4 d6 6. Nc3 e5 7. d4 Nbd7 8. e4 c6
9. b3 Re8 10. Re1 Qc7 11. h3 a6 12. Be3 b5 13. cxb5 cxb5 14. Rc1 Qb8 15. b4 Nb6
16. dxe5 dxe5 17. Bc5 Bf8 18. Nd5 Nfxd5 19. exd5 Bg7 20. d6 Nd7 21. Nd4 Bb7 22.
Nc6 Bxc6 23. Bxc6 Qc8 24. Qd5 h5 25. Bxa8 Qxa8 26. Qxa8 Rxa8 27. Be3 Nf6 28.
Red1 Rd8 29. Bg5 Rd7 30. Rc8+ 1-0

[Event "Reykjavik Open 2016"]
[Site "Reykjavik ISL"]
[Date "2016.03.08"]
[Round "1.68"]
[White "Opasiak, Dustin Tennessee"]
[Black "Lind, Jan-Olov"]
[Result "0-1"]
[WhiteElo "1782"]
[BlackElo "2234"]
[WhiteFideId "24630217"]
[BlackFideId "1701193"]
[EventDate "2016.03.08"]

1. e4 c5 2. Nf3 g6 3. h4 h5 4. Bc4 Nc6 5. d3 Bg7 6. Nc3 Nf6 7. Bf4 Ng4 8. a3 d6
9. Qd2 O-O 10. Bd5 Bd7 11. O-O Rb8 12. Rae1 Nd4 13. Nxd4 cxd4 14. Nd1 e6 15.
Bxd6 exd5 16. Bxb8 Qxb8 17. g3 dxe4 18. dxe4 Bb5 19. f4 Bxf1 20. Kxf1 Qc7 21.
Kg2 Qc6 22. Re2 f5 23. Qa5 fxe4 0-1

[Event "Reykjavik Open 2016"]
[Site "Reykjavik ISL"]
[Date "2016.03.08"]
[Round "1.70"]
[White "Bernhard, Julia"]
[Black "Wahlbom, Magnus"]
[Result "0-1"]
[WhiteElo "1769"]
[BlackElo "2229"]
[WhiteFideId "1620860"]
[BlackFideId "1700685"]
[EventDate "2016.03.08"]

1. e4 c5 2. Nf3 d6 3. Bb5+ Bd7 4. Bxd7+ Qxd7 5. O-O Nf6 6. Re1 Nc6 7. c3 e6 8.
d4 cxd4 9. cxd4 d5 10. e5 Ne4 11. a3 Be7 12. Nbd2 Nxd2 13. Bxd2 O-O 14. Rc1 Rfc8
15. h4 a5 16. Qb3 a4 17. Qd3 f5 18. exf6 Bxf6 19. g4 Rf8 20. g5 Bd8 21. Re2 Rxf3
22. Qxf3 Nxd4 23. Qd3 Nxe2+ 24. Qxe2 Bb6 25. Kg2 Rf8 26. f3 Bd4 27. Re1 e5 28.
h5 e4 29. f4 Qf5 30. Kg3 Bxb2 31. h6 gxh6 32. Rb1 e3 33. Qxe3 Qxb1 0-1

[Event "Reykjavik Open 2016"]
[Site "Reykjavik ISL"]
[Date "2016.03.08"]
[Round "1.71"]
[White "Edvardsson, Kristjan"]
[Black "Haraldsson, Oskar"]
[Result "1-0"]
[WhiteElo "2228"]
[BlackElo "1765"]
[WhiteFideId "2300893"]
[BlackFideId "2301865"]
[EventDate "2016.03.08"]

1. c4 Nf6 2. g3 g6 3. Bg2 Bg7 4. Nc3 O-O 5. d4 d6 6. Nf3 Nc6 7. O-O Bf5 8. d5
Na5 9. Nd2 c5 10. e4 Bd7 11. Rb1 a6 12. Qc2 b5 13. b3 Rb8 14. Bb2 Ng4 15. h3 Nh6
16. g4 f5 17. exf5 gxf5 18. g5 Nf7 19. f4 Qe8 20. Rfe1 Nd8 21. Ne2 Bxb2 22. Rxb2
e5 23. dxe6 Nxe6 24. Bd5 Qh5 25. Kh2 Qh4 26. Rf1 Nc6 27. Nf3 Qh5 28. Ng3 Qf7 29.
Qg2 Nb4 30. g6 hxg6 31. Ng5 Qf6 32. Nh5 gxh5 33. Nxe6+ Kh8 34. Nxf8 Rxf8 35. Rg1
Nxd5 36. cxd5 Be8 37. Re2 Bf7 38. Qf3 Rg8 39. Re6 Qb2+ 40. Re2 Qd4 41. Rxg8+
Kxg8 42. Qg3+ Kf8 43. Qg5 Bxd5 44. Qh6+ Kf7 45. Qxh5+ Kg7 46. Re7+ 1-0

[Event "Reykjavik Open 2016"]
[Site "Reykjavik ISL"]
[Date "2016.03.08"]
[Round "1.72"]
[White "Danielsson, Sigurdur"]
[Black "Mueer, Sebastian"]
[Result "0-1"]
[WhiteElo "1763"]
[BlackElo "2228"]
[WhiteFideId "2301792"]
[BlackFideId "24622001"]
[EventDate "2016.03.08"]

1. e4 g6 2. d4 Bg7 3. c4 d6 4. Nc3 Nf6 5. Bg5 O-O 6. h3 c5 7. d5 h6 8. Bh4 Qa5
9. Bd3 a6 10. Ne2 b5 11. cxb5 axb5 12. Bxb5 g5 13. Bg3 Nxe4 14. Qd3 Bf5 15. Qc4
Na6 16. O-O Nd2 17. Qa4 Qxa4 18. Bxa4 Nxf1 19. Kxf1 Nb4 20. a3 Nc2 21. Rc1 Nd4
22. Bc6 Nxe2 23. Kxe2 Rab8 24. a4 Rxb2+ 25. Kf1 Bd3+ 26. Kg1 Rfb8 27. Nb5 Bxb5
28. axb5 R2xb5 29. Bxb5 Rxb5 30. h4 Rb2 31. hxg5 hxg5 32. Rc4 Rd2 33. Rg4 Rxd5
34. f4 gxf4 35. Bxf4 Kf8 36. Bg3 Bf6 37. Bf4 Ke8 38. Kf2 Kd7 39. Bh6 Rh5 40. Bd2
d5 41. Ra4 Bd4+ 42. Kf3 c4 43. g4 Rh3+ 44. Kg2 Rb3 45. Bf4 Rb2+ 46. Kf3 e6 47.
g5 Bc5 48. Be5 Rb3+ 49. Kg4 0-1

[Event "Reykjavik Open 2016"]
[Site "Reykjavik ISL"]
[Date "2016.03.08"]
[Round "1.73"]
[White "Haessel, Dale R."]
[Black "Ingebretsen, Jens E"]
[Result "1-0"]
[WhiteTitle "FM"]
[WhiteElo "2212"]
[BlackElo "1755"]
[WhiteFideId "2012618"]
[BlackFideId "1522965"]
[EventDate "2016.03.08"]

1. d4 d5 2. c4 c6 3. Nf3 Nf6 4. e3 Bf5 5. Nc3 e6 6. Nh4 Bg4 7. Qb3 Qc7 8. h3 Bh5
9. Bd2 Nbd7 10. g4 Bg6 11. Nxg6 hxg6 12. g5 Nh7 13. e4 Be7 14. f4 Nxg5 15. fxg5
Qg3+ 16. Ke2 e5 17. exd5 exd4 18. Ne4 Qe5 19. Bg2 Nc5 20. Qg3 d3+ 21. Kd1 Qxb2
22. Rc1 Qxa2 23. Nxc5 Bxc5 24. Re1+ Kf8 25. Qxd3 Rd8 26. Re2 Rh5 27. Rb1 Rh4 28.
Bb4 Qa4+ 29. Qb3 Qxb4 30. Qxb4 Bxb4 31. Rxb4 cxd5 32. Rd2 b6 33. Rd3 d4 34. Bd5
f6 35. Ra3 Rd7 36. Rba4 a5 37. Rb3 Rd6 38. Ra2 fxg5 39. Rg2 a4 40. Rb4 Rxh3 41.
Rxa4 Rd3+ 42. Kc2 Rc3+ 43. Kd2 b5 44. Ra8+ Ke7 45. Ra7+ Kd8 46. Rh2 Kc8 47. Rh8+
Rd8 48. Ra8+ 1-0

[Event "Reykjavik Open 2016"]
[Site "Reykjavik ISL"]
[Date "2016.03.08"]
[Round "1.74"]
[White "Skulason, Johann"]
[Black "Kristinsson, Jon"]
[Result "1-0"]
[WhiteElo "1747"]
[BlackElo "2211"]
[WhiteFideId "1733915"]
[BlackFideId "2300141"]
[EventDate "2016.03.08"]

1. e4 e5 2. Nf3 Nc6 3. Bb5 a6 4. Ba4 Nf6 5. O-O Nxe4 6. Re1 Nc5 7. Nc3 Nxa4 8.
Nxe5 Nxe5 9. Rxe5+ Be7 10. Nd5 O-O 11. Nxe7+ Kh8 12. Qh5 g6 13. Qh6 f6 14. Nxg6+
Kg8 15. Ne7+ Kh8 16. Ng6+ Kg8 17. Nxf8 fxe5 18. Nxh7 d6 19. d4 Qe7 20. Nf6+ Kf7
21. Bg5 Bf5 22. Nh5 Qf8 23. Qf6+ Kg8 24. dxe5 Qxf6 25. Nxf6+ Kf7 26. g4 Bxc2 27.
Rc1 Bd3 28. Rxc7+ Ke6 29. exd6 Kxd6 30. Rd7+ 1-0

[Event "Reykjavik Open 2016"]
[Site "Reykjavik ISL"]
[Date "2016.03.08"]
[Round "1.75"]
[White "Johannsson, Orn Leo"]
[Black "Magnusdottir, Veronika Steinunn"]
[Result "1-0"]
[WhiteElo "2194"]
[BlackElo "1741"]
[WhiteFideId "2303051"]
[BlackFideId "2309114"]
[EventDate "2016.03.08"]

1. d4 d5 2. Bf4 Nf6 3. e3 c5 4. c3 Nc6 5. Nd2 e6 6. Bd3 Bd6 7. Bg3 e5 8. dxc5
Bxc5 9. e4 O-O 10. Ngf3 Bg4 11. O-O Re8 12. Qe2 Qb6 13. exd5 Nxd5 14. Bxh7+ Kh8
15. Be4 Nf4 16. Bxf4 exf4 17. Qc4 Ne5 18. Nxe5 Rxe5 19. Bf3 Bxf3 20. Nxf3 Rh5
21. Qxf7 Qh6 22. Rae1 Rf8 23. Re8 g5 24. Rfe1 g4 25. Rxf8+ Bxf8 26. Re8 1-0

[Event "Reykjavik Open 2016"]
[Site "Reykjavik ISL"]
[Date "2016.03.08"]
[Round "1.76"]
[White "Gunnarsson, Helgi Petur"]
[Black "Ptacnikova, Lenka"]
[Result "0-1"]
[BlackTitle "WGM"]
[WhiteElo "1737"]
[BlackElo "2192"]
[WhiteFideId "2302519"]
[BlackFideId "305650"]
[EventDate "2016.03.08"]

1. e4 c5 2. Nf3 Nc6 3. d4 cxd4 4. Nxd4 g6 5. Bc4 Bg7 6. Nxc6 bxc6 7. c3 Nf6 8.
e5 Nd5 9. Bxd5 cxd5 10. Qxd5 Ba6 11. Be3 O-O 12. Nd2 Qc7 13. f4 Rfc8 14. Rg1
Rab8 15. Nb3 Bc4 16. Qd2 a5 17. O-O-O Bxb3 18. axb3 Rxb3 19. Qxd7 Rxc3+ 20. Kb1
Rxe3 21. Qxc7 Rxc7 22. Rd8+ Bf8 23. Ra8 f6 24. Rd1 Kf7 25. Rxa5 Re2 26. g3 Rb7
27. Rd8 Bg7 28. Rad5 Rbxb2+ 29. Kc1 fxe5 30. fxe5 Bh6+ 31. Kd1 Rxh2 0-1

[Event "Reykjavik Open 2016"]
[Site "Reykjavik ISL"]
[Date "2016.03.08"]
[Round "1.78"]
[White "Ontiveros, John"]
[Black "Haynes, Nicolas"]
[Result "0-1"]
[WhiteElo "1729"]
[BlackElo "2182"]
[WhiteFideId "2303981"]
[BlackFideId "2607271"]
[EventDate "2016.03.08"]

1. d4 Nf6 2. c4 e6 3. Nf3 Bb4+ 4. Bd2 a5 5. Bxb4 axb4 6. a3 O-O 7. Qb3 Nc6 8. e3
d6 9. Bd3 e5 10. dxe5 dxe5 11. Nbd2 Nd7 12. Qc2 g6 13. h4 Nc5 14. Be2 Bf5 15. e4
Bg4 16. O-O bxa3 17. Rxa3 Rxa3 18. bxa3 Ne6 19. Nb3 Bxf3 20. Bxf3 Qxh4 21. Rd1
Ra8 22. g3 Qf6 23. Bg2 Rxa3 24. Qb2 Ra8 25. Rd5 b6 26. Nd2 Qe7 27. Nf3 Ned4 28.
Nxe5 Nxe5 29. Qxd4 Re8 30. f4 Nc6 31. Qd2 Nd8 32. Kh2 Ne6 33. Bh3 Nc5 34. Re5
Qf8 35. Rxe8 Qxe8 36. e5 h5 37. Qd5 Qe7 38. Qa8+ Kg7 39. Qd5 h4 40. f5 hxg3+ 41.
Kxg3 Qg5+ 42. Kf3 gxf5 43. e6 Nxe6 44. Bxf5 Qxf5+ 45. Qxf5 Nd4+ 46. Ke4 Nxf5 47.
Kxf5 Kf8 0-1

[Event "Reykjavik Open 2016"]
[Site "Reykjavik ISL"]
[Date "2016.03.08"]
[Round "1.79"]
[White "Bjornsson, Tomas"]
[Black "Edel, Fenja"]
[Result "1-0"]
[WhiteTitle "FM"]
[WhiteElo "2175"]
[BlackElo "1721"]
[WhiteFideId "2300303"]
[BlackFideId "24696749"]
[EventDate "2016.03.08"]

1. e4 e6 2. d4 d5 3. Nd2 Nf6 4. e5 Nfd7 5. Bd3 c5 6. c3 Nc6 7. Ne2 Qb6 8. Nf3
Be7 9. O-O O-O 10. Nf4 Qc7 11. Re1 c4 12. Bb1 Re8 13. h4 Nf8 14. Qd2 b5 15. Nh5
g6 16. Qh6 gxh5 17. Bg5 Bxg5 18. Nxg5 f5 19. exf6 Nd8 20. Bxh7+ Nxh7 21. Qg6+ 1-0

[Event "Reykjavik Open 2016"]
[Site "Reykjavik ISL"]
[Date "2016.03.08"]
[Round "1.80"]
[White "Viktorsson, Svavar"]
[Black "Adocchio, Giampiero"]
[Result "0-1"]
[WhiteElo "1701"]
[BlackElo "2174"]
[WhiteFideId "2304520"]
[BlackFideId "4666011"]
[EventDate "2016.03.08"]

1. e4 c5 2. Nf3 d6 3. Bb5+ Nc6 4. O-O Bd7 5. c3 Nf6 6. Re1 a6 7. Bd3 e5 8. Bc2
h6 9. d4 Qc7 10. h3 g5 11. dxe5 dxe5 12. Bb3 O-O-O 13. Qe2 g4 14. hxg4 Bxg4 15.
Nbd2 Rg8 16. Qe3 Nh5 17. Nc4 b5 18. Ncd2 Nf4 19. g3 Rd3 0-1

[Event "Reykjavik Open 2016"]
[Site "Reykjavik ISL"]
[Date "2016.03.08"]
[Round "1.81"]
[White "Ingvason, Johann"]
[Black "Steingrimsson, Karl Egill"]
[Result "1-0"]
[WhiteElo "2171"]
[BlackElo "1693"]
[WhiteFideId "2301431"]
[BlackFideId "2304791"]
[EventDate "2016.03.08"]

1. e4 d6 2. d4 Nf6 3. Nc3 e6 4. Be3 Be7 5. Be2 a6 6. f4 b5 7. a3 Bb7 8. Bf3 Nbd7
9. e5 Nd5 10. Nxd5 Bxd5 11. Bxd5 exd5 12. Qg4 g6 13. Nf3 c5 14. O-O f5 15. Qg3
Nf8 16. exd6 Qxd6 17. dxc5 Qc7 18. b4 O-O-O 19. Bd4 Rg8 20. a4 Ne6 21. Be5 Qb7
22. axb5 Qxb5 23. c3 g5 24. Nd4 Nxd4 25. Bxd4 Rg6 26. Qe3 Bf8 27. fxg5 h6 28.
Rxf5 hxg5 29. Rxg5 Rh6 30. Rg8 1-0

[Event "Reykjavik Open 2016"]
[Site "Reykjavik ISL"]
[Date "2016.03.08"]
[Round "1.82"]
[White "Einarsson, Oskar Long"]
[Black "Dougherty, Michael"]
[Result "0-1"]
[BlackTitle "FM"]
[WhiteElo "1691"]
[BlackElo "2169"]
[WhiteFideId "2309220"]
[BlackFideId "2601559"]
[EventDate "2016.03.08"]

1. e4 c5 2. Nf3 d6 3. d4 cxd4 4. Nxd4 Nf6 5. Nc3 Nc6 6. Bg5 Bd7 7. Qd2 Rc8 8.
O-O-O Nxd4 9. Qxd4 Qa5 10. Bxf6 gxf6 11. Kb1 Qc5 12. f4 Qxd4 13. Rxd4 f5 14. Rb4
b6 15. Ba6 Rc5 16. exf5 Bxf5 17. Rb5 Bg7 18. Rxc5 bxc5 19. Nd5 Be4 20. Nc7+ Kd7
21. Re1 f5 22. Nb5 Rb8 23. Na3 Rxb2+ 24. Kc1 Rxa2 25. Bb5+ Kc7 26. Nc4 Bc3 0-1

[Event "Reykjavik Open 2016"]
[Site "Reykjavik ISL"]
[Date "2016.03.08"]
[Round "1.84"]
[White "Berg, Bo 1949"]
[Black "Bopp, Thomas"]
[Result "1/2-1/2"]
[WhiteElo "1664"]
[BlackElo "2166"]
[WhiteFideId "1733869"]
[BlackFideId "4656113"]
[EventDate "2016.03.08"]

1. d4 Nf6 2. Nc3 d5 3. Bg5 Nbd7 4. Qd3 h6 5. Bh4 e6 6. e4 g5 7. Bg3 Bb4 8. f3 a6
9. Ne2 c5 10. O-O-O c4 11. Qe3 Be7 12. exd5 exd5 13. Bd6 Nf8 14. Bxe7 Qxe7 15.
Qxe7+ Kxe7 16. g3 b5 17. Re1 Kd6 18. Bg2 b4 19. Nd1 Ng6 20. Rhf1 Re8 21. Ng1 Bd7
22. Bh3 Re7 23. Rxe7 Nxe7 24. Bxd7 Kxd7 25. c3 a5 26. Re1 a4 27. a3 bxa3 28.
bxa3 Rb8 29. Nb2 Rb3 30. Nxa4 Rxa3 31. Nc5+ Ke8 32. Kb2 Ra8 33. Ne2 Nd7 34. Nxd7
Kxd7 35. Ra1 Rb8+ 36. Kc2 Nc6 37. g4 h5 38. gxh5 f5 39. h4 Rh8 40. hxg5 Rxh5 41.
f4 Ne7 42. Ra7+ Ke8 43. Ra6 Rh2 44. Kd2 Kf7 45. Rh6 Rxh6 46. gxh6 1/2-1/2